Церковь и государство Российское : эпоха Митрополита Московского Филарета (Запись № 696317)

Подробности
000 -МАРКЕР
контрольное поле 01635nam0a2200349 4500
001 - ИДЕНТИФИКАТОР ЗАПИСИ
контрольное поле RU\NLR\bibl\427356
005 - ИДЕНТИФИКАТОР ВЕРСИИ
контрольное поле 20260406160136.0
021 ## - НОМЕР ГОСУДАРСТВЕННОЙ РЕГИСТРАЦИИ
Код страны российская федерация
Номер 2003-39194п
Номер Листа государственной регистраци 1868
021 ## - НОМЕР ГОСУДАРСТВЕННОЙ РЕГИСТРАЦИИ
Код страны российская федерация
Номер 2003-39194
Номер Листа государственной регистраци 1868
035 ## - ДРУГИЕ СИСТЕМНЫЕ НОМЕРА
Идентификатор записи (NLR Aleph) 000421238
100 ## - ДАННЫЕ ОБЩЕЙ ОБРАБОТКИ
Данные общей обработки 20030808d2002 |||y0rusy50 ca
101 0# - ЯЗЫК РЕСУРСА
Язык текста, звукозаписи и т.д. русский
102 ## - СТРАНА ПУБЛИКАЦИИ ИЛИ ПРОИЗВОДСТВА
Страна публикации российская федерация
105 ## - ПОЛЕ КОДИРОВАННЫХ ДАННЫХ: ТЕКСТОВЫЕ МАТЕРИАЛЫ, МОНОГРАФИЧЕСКИЕ
Кодированные данные о монографическом текстовом документе ac |||||||||
200 1# - ЗАГЛАВИЕ И СВЕДЕНИЯ ОБ ОТВЕТСТВЕННОСТИ
Основное заглавие Церковь и государство Российское : эпоха Митрополита Московского Филарета
Сведения, относящиеся к заглавию [Сб. ст.
Первые сведения об ответственности Отв. ред. И.Ю. Юрьева]
210 ## - ПУБЛИКАЦИЯ, РАСПРОСТРАНЕНИЕ И ДР.
Место издания, распространения и т.д. Нью-Йорк
Имя издателя, распространителя и т. д. Б.и.
Дата издания, распространения и т.д. 2002
215 ## - ФИЗИЧЕСКАЯ ХАРАКТЕРИСТИКА
Специфическое обозначение материала и объем 219,[1] с.
Другие сведения о физической характеристике ил., портр.
Размеры 19
225 1# - СЕРИЯ
Основное заглавие серии Русское возрождение
Сведения, относящиеся к заглавию Независимый рус. православ. нац. альм.
ISSN серии 0222-1543
Обозначение тома N 80
320 ## - ПРИМЕЧАНИЯ О НАЛИЧИИ В ДОКУМЕНТЕ БИБЛИОГРАФИИ / УКАЗАТЕЛЯ
Текст примечания Библиогр. в подстроч. примеч.
600 #1 - ИМЯ ЛИЦА КАК ПРЕДМЕТ
Начальный элемент ввода Дроздов
Часть имени, кроме начального элемента ввода В.М.
Даты 1782 - 1867
Расширение инициалов личного имени Василий Михайлович
Системный номер авторитетной/нормативной записи 1597276
Идентификатор авторитетной/нормативной записи RU\NLR\auth\661001137
600 #0 - ИМЯ ЛИЦА КАК ПРЕДМЕТ
Начальный элемент ввода Филарет
Дополнения к именам, кроме дат Дроздов, Василий Михайлович; митрополит
Даты 1782 - 1867
Системный номер авторитетной/нормативной записи 2295218
Идентификатор авторитетной/нормативной записи RU\NLR\auth\661374389
686 ## - ИНДЕКСЫ ДРУГИХ КЛАССИФИКАЦИЙ
Индекс Э372.24-35-028
702 #0 - ИМЯ ЛИЦА - ВТОРИЧНАЯ ОТВЕТСТВЕННОСТЬ
Код отношения Прочие
Графика поля Кириллица
Материалы, к которым относится поле rus
Начальный элемент ввода Филарет
Дополнения к именам, кроме дат Дроздов, Василий Михайлович
-- митрополит Московский и Коломенский
Даты 1782-1867
Идентификатор авторитетной/нормативной записи RU\NLR\AUTH\778137
Системный номер авторитетной/нормативной записи 118054
702 #1 - ИМЯ ЛИЦА - ВТОРИЧНАЯ ОТВЕТСТВЕННОСТЬ
Начальный элемент ввода Юрьева
Часть имени, кроме начального элемента ввода И. Ю.
Код отношения Редактор
801 #0 - ИСТОЧНИК ЗАПИСИ
Страна российская федерация
Организация NLR
Дата составления 20030808
Правила каталогизации PSBO
801 #1 - ИСТОЧНИК ЗАПИСИ
Страна российская федерация
Организация NLR
Дата составления 20030808
852 ## - МЕСТОНАХОЖДЕНИЕ И ШИФР ХРАНЕНИЯ
Идентификатор организации NLR
Шифр хранения (Call Number) П37/75
942 ## - ДОПОЛНИТЕЛЬНЫЕ ЭЛЕМЕНТЫ ЗАПИСИ (АБИС)
Тип экземпляра АБИС Книга
980 ## - КОЛЛЕКЦИЯ
Название коллекции Национальная библиография
Экземпляры
Тип экземпляра Дата поступления Источник поступления Библиотека постоянного хранения Библиотека текущего хранения Место хранения Шифр хранения Штрих-код Статус не для выдачи
Книга 08.08.2003 Обязательный экземпляр РНБ (Московский) РНБ (Московский) Русский журнальный фонд П37/75 531446  
Книга 08.08.2003 Обязательный экземпляр РНБ (Московский) РНБ (Московский) Русский журнальный фонд П37/75 531447